10 String Instruments - Statistics

General Stats
  • This quiz has been taken 245 times
  • The average score is 7 of 10
Answer Stats
Hint Answer % Correct
V Violin
98%
C Cello
95%
V Viola
92%
H Harp
83%
DB Double Bass
82%
EG Electric Guitar
59%
AG Acoustic Guitar
54%
U Ukulele
47%
S Sitar
41%
B Banjo
40%
No matching quizzes found
Score Distribution
Percent of People with Each Score
Percentile by Number Answered
Your Score History
You have not taken this quiz